[Event "PLZEN 2022 – CALLIDITAS OPEN"]
[Site "Plzen (Ceska republika)"]
[Date "2022.08.20"]
[Round "1.2"]
[White "Mohylnyi, Stepan"]
[Black "Eret, Matous"]
[Result "0-1"]
[WhiteElo "1709"]
[BlackElo "2261"]
[PlyCount "78"]
[EventDate "2022.08.20"]

1. e4 c5 2. Nf3 e6 3. Nc3 a6 4. a4 Qc7 5. d3 Nc6 6. g3 Nf6 7. Bg2 Be7 8. O-O
O-O 9. Re1 d6 10. Bf4 Nd7 11. Nd2 Rb8 12. Be3 b5 13. axb5 axb5 14. f4 b4 15.
Na4 Nf6 16. b3 d5 17. e5 Nd7 18. Qg4 Nd4 19. Ra2 Nf5 20. Bf2 f6 21. Nf3 fxe5
22. Nxe5 Nxe5 23. Rxe5 Bd7 24. Qd1 Bf6 25. Re1 d4 26. Nb2 Ne3 27. Bxe3 dxe3 28.
Nc4 Bd4 29. Kh1 e5 30. Nxe3 exf4 31. Nd5 f3 32. Bxf3 Qd6 33. Ra7 Bc6 34. Ree7
Bxd5 35. Be4 Bxe4+ 36. dxe4 Qg6 37. Qd3 Rbe8 38. Qc4+ Kh8 39. Qf7 Qxf7 0-1

[Event "PLZEN 2022 – CALLIDITAS OPEN"]
[Site "Plzen (Ceska republika)"]
[Date "2022.08.20"]
[Round "1.3"]
[White "Flajsman, Pavel"]
[Black "Soutner, Jaroslav"]
[Result "1-0"]
[WhiteElo "2189"]
[BlackElo "1702"]
[PlyCount "97"]
[EventDate "2022.08.20"]

1. Nf3 d5 2. d4 Nf6 3. g3 e6 4. Bg2 Bd6 5. O-O O-O 6. c4 c6 7. Nc3 Nbd7 8. Nd2
Bc7 9. e4 dxe4 10. Ndxe4 Nxe4 11. Nxe4 h6 12. b3 Nf6 13. Ba3 Re8 14. Nc3 Bb6
15. c5 Bc7 16. f4 Nd5 17. Qd3 Qf6 18. Rae1 Qd8 19. Nxd5 exd5 20. Rxe8+ Qxe8 21.
f5 f6 22. b4 Bd7 23. b5 Qf7 24. bxc6 Bxc6 25. Re1 Re8 26. Rxe8+ Qxe8 27. Bb4
Qe7 28. Kf2 Qe8 29. Bf3 Qe7 30. Bd2 Qe8 31. Qa3 a6 32. Qd3 Qe7 33. h4 Qe8 34.
Qb3 Qd7 35. g4 Kf7 36. a3 Kf8 37. Qd3 Qe7 38. Bb4 Kf7 39. Qb3 Qd7 40. Kg2 Kf8
41. a4 Qd8 42. Ba3 Bb8 43. Qb6 Bc7 44. Qb3 Bb8 45. Qb6 Bc7 46. Qb3 Qd7 47. Qxb7
Bxb7 48. c6+ Ke8 49. cxd7+ 1-0

[Event "PLZEN 2022 – CALLIDITAS OPEN"]
[Site "Plzen (Ceska republika)"]
[Date "2022.08.20"]
[Round "1.4"]
[White "Berka, Lubos"]
[Black "Haba, Zdenek"]
[Result "0-1"]
[WhiteElo "1678"]
[BlackElo "2156"]
[PlyCount "60"]
[EventDate "2022.08.20"]

1. e4 g6 2. d4 Bg7 3. Nc3 d6 4. Nf3 a6 5. a4 b6 6. Bc4 e6 7. O-O Bb7 8. Bg5 Ne7
9. Qd2 h6 10. Bf4 Nd7 11. Rad1 Nf6 12. Qe2 O-O 13. e5 Nfd5 14. Nxd5 Nxd5 15.
Bc1 Qd7 16. c3 Qxa4 17. Bd3 Ne7 18. h4 Bxf3 19. Qxf3 dxe5 20. dxe5 Qxh4 21.
Rfe1 Nd5 22. Re4 Qe7 23. Qh3 g5 24. Bxg5 Qxg5 25. Rg4 Qxe5 26. Qxh6 f5 27. Rg6
Kf7 28. Qh5 Nf4 29. Rxg7+ Kxg7 30. Bxf5 Nxh5 0-1

[Event "PLZEN 2022 – CALLIDITAS OPEN"]
[Site "Plzen (Ceska republika)"]
[Date "2022.08.20"]
[Round "1.5"]
[White "Pokrupa, Marek"]
[Black "Zoufaly, Petr"]
[Result "1-0"]
[WhiteElo "2124"]
[BlackElo "1656"]
[PlyCount "55"]
[EventDate "2022.08.20"]

1. Nf3 d5 2. c4 c6 3. g3 Nf6 4. Bg2 e6 5. O-O Be7 6. b3 O-O 7. d4 Nbd7 8. Qc2
Re8 9. Nc3 b6 10. e4 dxe4 11. Nxe4 Nxe4 12. Qxe4 Bb7 13. Rd1 Qc8 14. Qc2 Bf6
15. Bb2 h6 16. Rac1 c5 17. d5 Bxb2 18. Qxb2 exd5 19. cxd5 f6 20. Bh3 Qd8 21.
Nh4 Nf8 22. d6 Re5 23. b4 Rb8 24. Qa3 cxb4 25. Qxb4 Kh8 26. d7 Rd5 27. Rxd5
Bxd5 28. Rc8 1-0

[Event "PLZEN 2022 – CALLIDITAS OPEN"]
[Site "Plzen (Ceska republika)"]
[Date "2022.08.20"]
[Round "1.6"]
[White "Kalista, Karel"]
[Black "Kriz, Daniel"]
[Result "0-1"]
[WhiteElo "1643"]
[BlackElo "1999"]
[PlyCount "32"]
[EventDate "2022.08.20"]

1. d4 d5 2. c4 Nc6 3. Nf3 Bg4 4. cxd5 Bxf3 5. gxf3 Qxd5 6. e3 e5 7. Nc3 Bb4 8.
Bd2 Bxc3 9. bxc3 exd4 10. cxd4 Nf6 11. Be2 O-O 12. O-O Rfe8 13. Qc2 Nxd4 14.
Qd1 Nxe2+ 15. Qxe2 Qh5 16. Rac1 Ne4 0-1

[Event "PLZEN 2022 – CALLIDITAS OPEN"]
[Site "Plzen (Ceska republika)"]
[Date "2022.08.20"]
[Round "1.7"]
[White "Pelikan, David"]
[Black "Macho, Miloslav"]
[Result "1-0"]
[WhiteElo "1997"]
[BlackElo "1635"]
[PlyCount "136"]
[EventDate "2022.08.20"]

1. d4 Nf6 2. Nf3 b6 3. c4 e6 4. Nc3 Bb7 5. e3 Be7 6. a3 d5 7. b4 Nbd7 8. c5 Ne4
9. Qc2 Nxc3 10. Qxc3 c6 11. Bd3 f5 12. O-O O-O 13. Nd2 Nf6 14. f3 Qe8 15. e4
fxe4 16. fxe4 Qh5 17. e5 Ng4 18. h3 Rxf1+ 19. Nxf1 Nh6 20. Ng3 Qh4 21. Bd2 Rf8
22. Rf1 Rxf1+ 23. Bxf1 b5 24. Be1 Qf4 25. Nh5 Qf7 26. Be2 g6 27. Bd2 Nf5 28.
Nf4 Bc8 29. Bg4 Bg5 30. Ne2 Bxd2 31. Qxd2 Kg7 32. Qg5 Qe7 33. Qf4 Qd8 34. Bxf5
exf5 35. h4 a5 36. Ng3 axb4 37. axb4 Qe7 38. h5 Be6 39. h6+ Kf7 40. Nf1 g5 41.
Qf3 g4 42. Qa3 Kg6 43. Qa8 Bd7 44. Ng3 f4 45. Ne2 Qf7 46. e6 Bxe6 47. Qxc6 Kg5
48. Qd6 Qf5 49. Qe7+ Kxh6 50. Nxf4 Bg8 51. Qe3 Kg7 52. Nd3 Be6 53. c6 Kf7 54.
c7 Qe4 55. Qxe4 dxe4 56. Nc5 Bc8 57. Nxe4 Ke6 58. Nc3 Kd7 59. Nxb5 Ba6 60. Nc3
Kxc7 61. Kf2 Kd6 62. Kg3 Bb7 63. d5 Bc8 64. Kf4 Bd7 65. Ke4 Be8 66. Kd4 Kc7 67.
Ne4 Bd7 68. Nf6 h6 1-0

[Event "PLZEN 2022 – CALLIDITAS OPEN"]
[Site "Plzen (Ceska republika)"]
[Date "2022.08.20"]
[Round "1.8"]
[White "Krisman, Ondrej"]
[Black "Bechynsky, Jan"]
[Result "0-1"]
[WhiteElo "1615"]
[BlackElo "1982"]
[PlyCount "66"]
[EventDate "2022.08.20"]

1. e4 Nf6 2. e5 Nd5 3. d4 d6 4. c4 Nb6 5. f4 dxe5 6. fxe5 Nc6 7. Be3 Bf5 8. a3
a5 9. Nf3 e6 10. Be2 Be7 11. O-O O-O 12. Nc3 Bg4 13. h3 Bxf3 14. Rxf3 Qd7 15.
Rg3 Kh8 16. Qd2 Rad8 17. Rd1 f5 18. exf6 Bxf6 19. d5 Ne5 20. Bxb6 cxb6 21. Ne4
Bh4 22. Rb3 exd5 23. cxd5 Qf5 24. Qe3 Nd7 25. Bg4 Qe5 26. g3 Be7 27. d6 Bf6 28.
Bxd7 Rxd7 29. Nxf6 Qxf6 30. Rxb6 h6 31. Qd4 Qf3 32. Qd3 Qf2+ 33. Kh1 Qxb6 0-1

[Event "PLZEN 2022 – CALLIDITAS OPEN"]
[Site "Plzen (Ceska republika)"]
[Date "2022.08.20"]
[Round "1.9"]
[White "Vlk, Miloslav"]
[Black "Zach, Tomas"]
[Result "1-0"]
[WhiteElo "1971"]
[BlackElo "1600"]
[PlyCount "39"]
[EventDate "2022.08.20"]

1. c4 e5 2. Nc3 Nf6 3. Nf3 d6 4. d4 exd4 5. Nxd4 Be7 6. g3 O-O 7. Bg2 c6 8. O-O
Bd7 9. e4 Qc8 10. Bf4 Rd8 11. Qe2 Bh3 12. Rfd1 Bxg2 13. Kxg2 g6 14. Rd2 Nh5 15.
Be3 Nd7 16. Nf5 gxf5 17. Qxh5 Ne5 18. exf5 f6 19. Bh6 Rd7 20. f4 1-0

[Event "PLZEN 2022 – CALLIDITAS OPEN"]
[Site "Plzen (Ceska republika)"]
[Date "2022.08.20"]
[Round "1.10"]
[White "Stepanek, Vit"]
[Black "Bartonicek, Zdenek"]
[Result "0-1"]
[WhiteElo "1518"]
[BlackElo "1923"]
[PlyCount "64"]
[EventDate "2022.08.20"]

1. d4 Nf6 2. Bf4 g6 3. e3 Bg7 4. Nf3 d6 5. Nbd2 O-O 6. Be2 Nbd7 7. c3 Re8 8.
Qc2 c5 9. O-O-O cxd4 10. exd4 Qa5 11. Kb1 b5 12. Qb3 a6 13. Ng5 Rf8 14. Bf3 Rb8
15. Rde1 e5 16. dxe5 dxe5 17. Bxe5 Nxe5 18. Rxe5 Bf5+ 19. Ka1 h6 20. Nh3 Nd7
21. Re3 b4 22. c4 Nc5 23. Qd1 Nd3 24. Rxd3 Bxd3 25. Nb3 Qe5 26. Qd2 Bxc4 27.
Re1 Qf6 28. Nc5 Qb6 29. Nd7 Qa5 30. a3 Qxa3+ 31. Kb1 Bd3+ 32. Kc1 Qa1# 0-1

[Event "PLZEN 2022 – CALLIDITAS OPEN"]
[Site "Plzen (Ceska republika)"]
[Date "2022.08.20"]
[Round "1.11"]
[White "Mametev, Artem"]
[Black "Diachek, Andriy"]
[Result "1-0"]
[WhiteElo "1920"]
[BlackElo "1516"]
[PlyCount "127"]
[EventDate "2022.08.20"]

1. e4 e5 2. Nf3 Nc6 3. Bb5 a6 4. Ba4 Nf6 5. O-O Be7 6. Re1 b5 7. Bb3 O-O 8. h3
Bb7 9. d3 d6 10. a3 Na5 11. Ba2 c5 12. Nbd2 Nc6 13. Nf1 h6 14. Ne3 Re8 15. Nf5
Bf8 16. N3h4 Nd4 17. Nxd4 cxd4 18. Nf5 d5 19. Qf3 dxe4 20. dxe4 Rc8 21. Qg3
Nxe4 22. Qg6 Kh8 23. Qxf7 Nf6 24. Qxb7 Rxc2 25. Nh4 d3 26. Ng6+ Kh7 27. Nxf8+
Rxf8 28. Be3 e4 29. Be6 Re8 30. Bf5+ Kh8 31. b4 Qd6 32. Bg4 Rc7 33. Qb6 Qxb6
34. Bxb6 Rc2 35. Rec1 Rb2 36. Bd4 Rd2 37. Bc3 Rc2 38. Rxc2 dxc2 39. Bxf6 gxf6
40. Rc1 Rd8 41. Rxc2 Rd3 42. Ra2 Kg7 43. a4 Rb3 44. a5 Rxb4 45. Bc8 Rb1+ 46.
Kh2 b4 47. Bxa6 b3 48. Ra4 b2 49. Rb4 Ra1 50. Rxb2 Rxa5 51. Bb7 f5 52. Kg3 Rc5
53. Kf4 h5 54. Kg5 Kf7 55. Kxh5 Kf6 56. Ba6 Rc6 57. Be2 Rc8 58. Rb6+ Ke5 59.
Kg5 Rg8+ 60. Rg6 Rb8 61. h4 Rb2 62. Rf6 Rxe2 63. Rxf5+ Ke6 64. g4 1-0

[Event "PLZEN 2022 – CALLIDITAS OPEN"]
[Site "Plzen (Ceska republika)"]
[Date "2022.08.20"]
[Round "1.12"]
[White "Kotesovec, Jaroslav"]
[Black "Hlavac, Rudolf"]
[Result "0-1"]
[WhiteElo "1482"]
[BlackElo "1912"]
[PlyCount "98"]
[EventDate "2022.08.20"]

1. e4 c5 2. Nf3 Nc6 3. d4 cxd4 4. Nxd4 Nf6 5. Nc3 e5 6. Nf3 Bb4 7. Bd2 d5 8.
exd5 Nxd5 9. Bc4 Nxc3 10. Bxc3 Bxc3+ 11. bxc3 Bg4 12. Qe2 O-O 13. Qe4 Bh5 14.
Nh4 Qa5 15. O-O Qxc3 16. Rab1 Rab8 17. Bd3 Bg6 18. Nxg6 hxg6 19. Rb3 Qd4 20.
Qf3 Qd6 21. Qg4 b6 22. Rd1 Rbd8 23. Be2 Nd4 24. Rbd3 Qe7 25. Kf1 Nxc2 26. Rh3
Rxd1+ 27. Bxd1 Nd4 28. Rh4 Nf5 29. Rh3 Rd8 30. Bb3 Qc5 31. Qg5 Rc8 32. Rd3 Qc1+
33. Qxc1 Rxc1+ 34. Rd1 Rxd1+ 35. Bxd1 Kf8 36. Ke2 Ke7 37. Kd3 Kd6 38. Kc4 Nd4
39. f4 b5+ 40. Kc3 a5 41. a3 f6 42. fxe5+ Kxe5 43. g3 Ke4 44. h3 f5 45. h4 Ke3
46. g4 f4 47. Bc2 Nxc2 48. Kxc2 f3 49. Kd1 f2 0-1

[Event "PLZEN 2022 – CALLIDITAS OPEN"]
[Site "Plzen (Ceska republika)"]
[Date "2022.08.20"]
[Round "1.13"]
[White "Flajsman, Petr"]
[Black "Karapetsas, Athanasios"]
[Result "0-1"]
[WhiteElo "1907"]
[BlackElo "1478"]
[PlyCount "82"]
[EventDate "2022.08.20"]

1. d4 d5 2. Bf4 Nf6 3. e3 Bf5 4. Bd3 Bg6 5. Nf3 e6 6. Nbd2 Bd6 7. Bg3 Nbd7 8.
Qe2 O-O 9. O-O Ne4 10. Nh4 Nxg3 11. hxg3 e5 12. Nxg6 fxg6 13. c4 exd4 14. exd4
dxc4 15. Bxc4+ Kh8 16. Rad1 Qe7 17. Qxe7 Bxe7 18. Rfe1 Rae8 19. a3 Nb6 20. Bb3
Bf6 21. Nf3 Rxe1+ 22. Rxe1 Rd8 23. Re4 Nc8 24. g4 g5 25. a4 Ne7 26. Re2 g6 27.
Rd2 c6 28. Kf1 Nd5 29. Bxd5 Rxd5 30. Ke2 Kg7 31. Ke3 Kf7 32. Ke4 Ke6 33. Rc2 h5
34. gxh5 g4 35. Nd2 Rxd4+ 36. Ke3 gxh5 37. Ne4 Rb4 38. Rd2 Rb3+ 39. Kf4 Be7 40.
Nc3 Rb4+ 41. Ke3 Bg5+ 0-1

[Event "PLZEN 2022 – CALLIDITAS OPEN"]
[Site "Plzen (Ceska republika)"]
[Date "2022.08.20"]
[Round "1.14"]
[White "Rehacek, Jan"]
[Black "Papay, Jindrich"]
[Result "0-1"]
[WhiteElo "1324"]
[BlackElo "1906"]
[PlyCount "113"]
[EventDate "2022.08.20"]

1. d4 f5 2. Bf4 Nf6 3. Nf3 g6 4. e3 c6 5. c3 Bg7 6. h3 O-O 7. Be2 Na6 8. Nbd2
Nc7 9. h4 Nh5 10. Bh2 Ne8 11. Ng5 Nef6 12. Be5 h6 13. Bxh5 Nxh5 14. Ngf3 d6 15.
Qb3+ Kh7 16. Bxg7 Nxg7 17. O-O-O Qb6 18. Rdg1 Be6 19. Qa3 Qb5 20. Re1 Rfe8 21.
b3 a5 22. Qb2 a4 23. Kc2 Ra7 24. Ra1 a3 25. Qc1 Bf7 26. Qf1 Qb6 27. c4 e5 28.
Re1 Qc7 29. g3 Ne6 30. Qh3 b5 31. Ng5+ Nxg5 32. hxg5 h5 33. f3 bxc4 34. bxc4
Kg7 35. Qf1 Rb7 36. Nb3 d5 37. c5 exd4 38. exd4 Qxg3 39. Rxe8 Bxe8 40. Rg1 Qc7
41. Qc1 Qh2+ 42. Kb1 Qf2 43. Re1 Bf7 44. Re3 f4 45. Rd3 Be6 46. Ka1 Bf5 47. Rc3
Qg2 48. Qxa3 Qxg5 49. Qc1 h4 50. Qe1 Re7 51. Qf2 Qg3 52. Qb2 h3 53. Rc1 Qxf3
54. Nd2 Qg2 55. Nf1 f3 56. Qxg2 hxg2 57. Nh2 0-1

[Event "PLZEN 2022 – CALLIDITAS OPEN"]
[Site "Plzen (Ceska republika)"]
[Date "2022.08.20"]
[Round "1.15"]
[White "Ondrejat, Miroslav"]
[Black "Fakan, Petr"]
[Result "1-0"]
[WhiteElo "1900"]
[BlackElo "1272"]
[PlyCount "47"]
[EventDate "2022.08.20"]

1. d4 Nf6 2. c4 d5 3. cxd5 Nxd5 4. e4 Nf6 5. Nc3 e6 6. Nf3 Bb4 7. Qa4+ Nc6 8.
Bb5 Bxc3+ 9. bxc3 Bd7 10. Qc2 a6 11. Bd3 Qe7 12. a4 O-O 13. Ba3 Qe8 14. Bxf8
Qxf8 15. e5 Nd5 16. Bxh7+ Kh8 17. Be4 Nf4 18. O-O f5 19. exf6 Qxf6 20. Rab1 e5
21. dxe5 Nxe5 22. Nxe5 Qxe5 23. Rxb7 Rd8 24. f3 1-0

[Event "PLZEN 2022 – CALLIDITAS OPEN"]
[Site "Plzen (Ceska republika)"]
[Date "2022.08.20"]
[Round "1.16"]
[White "Roubal, Frantisek"]
[Black "Hurtak, Otto"]
[Result "1/2-1/2"]
[WhiteElo "1240"]
[BlackElo "1893"]
[PlyCount "92"]
[EventDate "2022.08.20"]

1. d4 d5 2. Bf4 c5 3. c3 e6 4. Nd2 Nf6 5. Ngf3 Nc6 6. h3 Bd6 7. Bxd6 Qxd6 8. e3
O-O 9. Bd3 e5 10. dxe5 Nxe5 11. Nxe5 Qxe5 12. Nf3 Qe7 13. O-O b6 14. Qb1 Bb7
15. Be2 Ne4 16. Qc2 Rad8 17. Rad1 Rfe8 18. Bb5 Rf8 19. Qa4 a6 20. Be2 b5 21.
Qc2 Rfe8 22. Rd3 Rd6 23. Rdd1 Red8 24. Bd3 g6 25. Bxe4 dxe4 26. Rxd6 Qxd6 27.
Nh2 Qd2 28. Rc1 a5 29. Nf1 Qd3 30. a3 Kg7 31. Ng3 Kf6 32. Ne2 Bd5 33. Nf4 Qxc2
34. Nxd5+ Rxd5 35. Rxc2 Rd1+ 36. Kh2 Ke5 37. c4 bxc4 38. Rxc4 Kd5 39. Rc2 c4
40. Kg3 f5 41. Kf4 h6 42. g4 fxg4 43. hxg4 a4 44. Kg3 g5 45. f3 exf3 46. Kxf3
Rf1+ 1/2-1/2

[Event "PLZEN 2022 – CALLIDITAS OPEN"]
[Site "Plzen (Ceska republika)"]
[Date "2022.08.20"]
[Round "1.17"]
[White "Hodan, Jiri"]
[Black "Tykalova, Barbora"]
[Result "1-0"]
[WhiteElo "1878"]
[BlackElo "1168"]
[PlyCount "39"]
[EventDate "2022.08.20"]

1. e4 d5 2. exd5 Qxd5 3. d4 Nc6 4. c3 Bf5 5. Nf3 O-O-O 6. Be2 Nf6 7. O-O e6 8.
Bf4 Be7 9. Nbd2 Bg4 10. b4 Qf5 11. Bg3 Rhe8 12. b5 Na5 13. Qa4 b6 14. Rfe1 Nb7
15. Qxa7 Qc2 16. Qa8+ Kd7 17. Ne5+ Kd6 18. Nec4+ Kd5 19. Qxb7+ c6 20. Qxc6# 1-0

[Event "PLZEN 2022 – CALLIDITAS OPEN"]
[Site "Plzen (Ceska republika)"]
[Date "2022.08.20"]
[Round "1.18"]
[White "Andrusevych, Andriy"]
[Black "Sladek, Jaroslav"]
[Result "1-0"]
[WhiteElo "1144"]
[BlackElo "1875"]
[PlyCount "85"]
[EventDate "2022.08.20"]

1. e4 d5 2. exd5 Nf6 3. d4 Qxd5 4. Nc3 Qa5 5. Bd2 c6 6. Nf3 Bg4 7. h3 Bh5 8. g4
Bg6 9. Ne5 Nbd7 10. Nxg6 hxg6 11. Bg2 e6 12. a3 Qc7 13. Qe2 Be7 14. O-O-O O-O
15. h4 Bd6 16. Qf3 e5 17. d5 e4 18. Nxe4 Nxe4 19. Qxe4 Nf6 20. Qf3 Nxd5 21. h5
Bf4 22. hxg6 Bxd2+ 23. Rxd2 fxg6 24. Qb3 Rad8 25. Bxd5+ cxd5 26. Rxd5 Rxd5 27.
Qxd5+ Qf7 28. Qxf7+ Rxf7 29. Rf1 g5 30. Kd2 Rd7+ 31. Kc3 Rc7+ 32. Kb3 Kf7 33.
Re1 Kf6 34. c4 Rf7 35. Re3 Kg6 36. f3 Kf6 37. Kc3 Rd7 38. b4 Rd1 39. c5 a6 40.
Kb3 Rd5 41. Ka4 Re5 42. Rxe5 Kxe5 43. Ka5 1-0

[Event "PLZEN 2022 – CALLIDITAS OPEN"]
[Site "Plzen (Ceska republika)"]
[Date "2022.08.20"]
[Round "1.19"]
[White "Langmajer, Jan"]
[Black "Humeniuk, Artur"]
[Result "1-0"]
[WhiteElo "1871"]
[BlackElo "1027"]
[PlyCount "95"]
[EventDate "2022.08.20"]

1. e4 c5 2. Nf3 d6 3. d4 cxd4 4. Nxd4 Nf6 5. Nc3 a6 6. h3 e5 7. Nde2 h5 8. g3
Be7 9. Be3 Be6 10. Bg2 Nbd7 11. Nd5 Bxd5 12. exd5 Nb6 13. O-O Nc4 14. Bc1 b5
15. b3 Nb6 16. Qd3 Qc8 17. Be3 Bd8 18. Kh2 O-O 19. Nc3 Qd7 20. a4 bxa4 21. Nxa4
Nxa4 22. Rxa4 a5 23. Rfa1 Bc7 24. b4 Qd8 25. Qd2 Bb6 26. bxa5 Bxe3 27. Qxe3 Qc7
28. c4 Nd7 29. Qc3 Rfb8 30. Rb4 Qc5 31. Rxb8+ Nxb8 32. Ra2 Nd7 33. Bf1 Nb6 34.
Qa3 Qxa3 35. Rxa3 Nd7 36. Kg2 Nc5 37. Kf3 Kf8 38. Ke3 Ke7 39. Be2 g6 40. Bd1
Ra6 41. f4 f6 42. f5 Kf7 43. fxg6+ Kxg6 44. Kf3 Nb7 45. Rb3 Nxa5 46. Ra3 Ra7
47. Ra4 Nc6 48. dxc6 1-0

[Event "PLZEN 2022 – CALLIDITAS OPEN"]
[Site "Plzen (Ceska republika)"]
[Date "2022.08.21"]
[Round "2.1"]
[White "Eret, Matous"]
[Black "Ondrejat, Miroslav"]
[Result "1-0"]
[WhiteElo "2261"]
[BlackElo "1900"]
[PlyCount "75"]
[EventDate "2022.08.20"]

1. c4 e5 2. a3 f5 3. e3 Nf6 4. b4 d6 5. Bb2 Be7 6. Be2 O-O 7. d4 exd4 8. Qxd4
Nc6 9. Qc3 Ne8 10. Qb3 Bf6 11. Nc3 Kh8 12. h4 a5 13. Rd1 axb4 14. axb4 Ne5 15.
Nh3 c6 16. Nf4 Qe7 17. h5 Be6 18. b5 Qf7 19. Rd4 c5 20. Nxe6 cxd4 21. Nxd4 Ng4
22. Nd5 Be5 23. f4 Bxd4 24. Bxd4 Nh6 25. Rh3 Nc7 26. Nxc7 Qxc7 27. b6 Qd7 28.
Rg3 Rf7 29. Bf3 Re7 30. Bd5 Ng4 31. Qb2 h6 32. Qe2 Rae8 33. Qd3 Nf6 34. Bxf6
gxf6 35. Qd4 Re6 36. Kf2 Rg8 37. Rxg8+ Kxg8 38. Qxf6 1-0

[Event "PLZEN 2022 – CALLIDITAS OPEN"]
[Site "Plzen (Ceska republika)"]
[Date "2022.08.21"]
[Round "2.2"]
[White "Hadac, Pavel"]
[Black "Flajsman, Pavel"]
[Result "0-1"]
[WhiteElo "1801"]
[BlackElo "2189"]
[PlyCount "116"]
[EventDate "2022.08.20"]

1. d4 d5 2. Nf3 Nf6 3. c4 e6 4. Nc3 c6 5. Bg5 h6 6. Bxf6 Qxf6 7. e3 Nd7 8. Be2
g6 9. cxd5 exd5 10. O-O Bg7 11. Rc1 O-O 12. Na4 Re8 13. Qb3 Bf8 14. Rc2 Bd6 15.
Rfc1 Qe7 16. a3 Nf6 17. Nc5 Bf5 18. Bd3 Bxd3 19. Qxd3 Ne4 20. b4 a6 21. Qe2 Qc7
22. Nb3 g5 23. g3 f5 24. Nfd2 Nf6 25. Qd3 Qh7 26. f3 Re7 27. Re1 Rae8 28. Nf1
Nd7 29. Rce2 Nb6 30. Na5 g4 31. fxg4 fxg4 32. Qxh7+ Kxh7 33. Rf2 Kg6 34. Kg2
Na4 35. Rc2 Bb8 36. Nb3 Nb6 37. Nc5 Bd6 38. Nb3 Kg5 39. Nc5 Bb8 40. Rc3 h5 41.
a4 Bd6 42. a5 Nc4 43. Rb3 Bxc5 44. dxc5 d4 45. Kf2 Rf8+ 46. Ke2 Nxe3 47. Nxe3
dxe3 48. Kd1 Rf3 49. Re2 Kf5 50. Rd3 Re4 51. Rb3 Rd4+ 52. Ke1 Ke4 53. Rc2 h4
54. gxh4 Rh3 55. Rcc3 Rd2 56. Rc4+ Kf3 57. Rcc3 Re2+ 58. Kf1 g3 0-1

[Event "PLZEN 2022 – CALLIDITAS OPEN"]
[Site "Plzen (Ceska republika)"]
[Date "2022.08.21"]
[Round "2.3"]
[White "Haba, Zdenek"]
[Black "Hodan, Jiri"]
[Result "1-0"]
[WhiteElo "2156"]
[BlackElo "1878"]
[PlyCount "123"]
[EventDate "2022.08.20"]

1. d4 Nf6 2. c4 e6 3. g3 d5 4. Bg2 dxc4 5. Nf3 Nc6 6. Qa4 Bb4+ 7. Bd2 Bxd2+ 8.
Nbxd2 O-O 9. Qxc4 Qd5 10. O-O Rd8 11. e3 Qxc4 12. Nxc4 Rb8 13. Rfc1 Ne8 14.
Rab1 Ne7 15. b4 a6 16. Na5 b6 17. Nc6 Nxc6 18. Rxc6 Bb7 19. Rc3 f6 20. Ne1 Bxg2
21. Nxg2 Rd6 22. Nf4 Kf7 23. Ra3 Ra8 24. Ra4 e5 25. Ne2 exd4 26. Nxd4 c5 27.
bxc5 bxc5 28. Rb7+ Kg6 29. Nf3 Rc6 30. Rg4+ Kh6 31. Rc4 Rac8 32. Rd7 R6c7 33.
Rd5 g6 34. Ne1 f5 35. Nd3 Nf6 36. Rdxc5 Rxc5 37. Rxc5 Rb8 38. Rc2 Ne4 39. f3
Ng5 40. Kg2 Rb7 41. h4 Nf7 42. Kf2 Rb5 43. Rc5 Rb6 44. Rc7 Nd8 45. Ke2 Nc6 46.
g4 fxg4 47. fxg4 g5 48. h5 Nb4 49. Ne5 Nd5 50. Ra7 Rb2+ 51. Kf3 Rxa2 52. Nf7+
Kg7 53. Nxg5+ Kh6 54. Nf7+ Kg7 55. Nd6+ Kg8 56. h6 Kf8 57. Rxh7 Rh2 58. Rh8+
Ke7 59. Nf5+ Kf6 60. Ra8 Rh3+ 61. Kg2 Nc7 62. Rf8+ 1-0

[Event "PLZEN 2022 – CALLIDITAS OPEN"]
[Site "Plzen (Ceska republika)"]
[Date "2022.08.21"]
[Round "2.4"]
[White "Kalveus, Jan"]
[Black "Pokrupa, Marek"]
[Result "0-1"]
[WhiteElo "1790"]
[BlackElo "2124"]
[PlyCount "132"]
[EventDate "2022.08.20"]

1. d4 c5 2. dxc5 Na6 3. g3 Nxc5 4. Bg2 Nf6 5. Nc3 d6 6. Bg5 e6 7. e4 Qb6 8. Rb1
a5 9. Nge2 Bd7 10. O-O Be7 11. h3 Rd8 12. Be3 Qa6 13. Nd4 b5 14. Qe2 b4 15.
Qxa6 Nxa6 16. Nce2 Nc5 17. f3 g6 18. Rfd1 e5 19. Nb3 Be6 20. Nxa5 Ra8 21. Nc6
Ra4 22. Nxe7 Kxe7 23. b3 Rxa2 24. Rd2 Rc8 25. Rbd1 Rb2 26. Nc1 Nb7 27. Nd3
Rbxc2 28. Nxb4 R2c3 29. Rd3 Bxb3 30. R1d2 Rc1+ 31. Kh2 Rb1 32. Nd5+ Nxd5 33.
exd5 Rcc1 34. f4 exf4 35. Bxf4 Re1 36. Rc3 Nc5 37. Rxc5 dxc5 38. d6+ Kd7 39.
Bc6+ Kxc6 40. d7 Re2+ 41. Rxe2 Kxd7 42. Bg5 h5 43. Kg2 Bd5+ 44. Kf2 Rh1 45. h4
Rh2+ 46. Ke3 Rxe2+ 47. Kxe2 Ke6 48. Ke3 Kf5 49. Be7 c4 50. Bb4 Kg4 51. Kf2 g5
52. hxg5 Kxg5 53. Bc3 Kg4 54. Bf6 Bf3 55. Be5 f5 56. Bd4 f4 57. gxf4 Kxf4 58.
Bf6 Ke4 59. Ke1 Kd3 60. Be5 c3 61. Bf6 c2 62. Bg5 h4 63. Kf2 Be4 64. Bc1 Kc3
65. Kg1 Kb3 66. Kh2 Bf5 0-1

[Event "PLZEN 2022 – CALLIDITAS OPEN"]
[Site "Plzen (Ceska republika)"]
[Date "2022.08.21"]
[Round "2.5"]
[White "Kriz, Daniel"]
[Black "Langmajer, Jan"]
[Result "0-1"]
[WhiteElo "1999"]
[BlackElo "1871"]
[PlyCount "92"]
[EventDate "2022.08.20"]

1. e4 c6 2. d4 d5 3. exd5 cxd5 4. c4 Nf6 5. Nc3 g6 6. Qb3 Bg7 7. cxd5 O-O 8.
Nf3 Nbd7 9. Bg5 Nb6 10. Bxf6 Bxf6 11. Bb5 Bf5 12. O-O Qd6 13. a4 Rad8 14. Rfe1
Nxd5 15. Nxd5 Qxd5 16. Bc4 Qa5 17. d5 Rd6 18. Qe3 Bxb2 19. Nd4 Bxa1 20. Nxf5
gxf5 21. Rxa1 Rg6 22. h3 Qb6 23. Qxe7 Qd4 24. Rc1 Qe4 25. Qxe4 fxe4 26. Re1 Re8
27. Re3 Kg7 28. a5 f5 29. Rb3 b6 30. Bb5 Rb8 31. Bc6 Kf7 32. Kf1 Ke7 33. g3 Kd6
34. Ke2 Ke5 35. Ke3 Rgg8 36. a6 Rg6 37. Rb5 Rf8 38. Bb7 Rgf6 39. f4+ Kd6 40.
Rb3 Rh6 41. h4 Rg6 42. Kf2 Kc5 43. Kg2 Kc4 44. Ra3 b5 45. Bc6 b4 46. Ra4 Rfg8
0-1

[Event "PLZEN 2022 – CALLIDITAS OPEN"]
[Site "Plzen (Ceska republika)"]
[Date "2022.08.21"]
[Round "2.6"]
[White "Chudek, Lubomir"]
[Black "Pelikan, David"]
[Result "1/2-1/2"]
[WhiteElo "1770"]
[BlackElo "1997"]
[PlyCount "38"]
[EventDate "2022.08.20"]

1. e4 e5 2. Nf3 Nf6 3. Nc3 Nc6 4. d4 exd4 5. Nxd4 Bb4 6. Nxc6 Bxc3+ 7. bxc3
bxc6 8. Bd3 d5 9. exd5 cxd5 10. O-O O-O 11. Bg5 Qd6 12. Qf3 Bg4 13. Qf4 Qxf4
14. Bxf4 c6 15. Rfe1 Rfe8 16. Rab1 Ne4 17. f3 Nxc3 18. fxg4 Nxb1 19. Rxb1 Re7
1/2-1/2

[Event "PLZEN 2022 – CALLIDITAS OPEN"]
[Site "Plzen (Ceska republika)"]
[Date "2022.08.21"]
[Round "2.7"]
[White "Bechynsky, Jan"]
[Black "Pasek, Martin"]
[Result "1-0"]
[WhiteElo "1982"]
[BlackElo "1826"]
[PlyCount "57"]
[EventDate "2022.08.20"]

1. e4 d6 2. f4 Nf6 3. Nc3 g6 4. Nf3 Bg7 5. d4 c5 6. Be3 cxd4 7. Nxd4 O-O 8. Be2
Nc6 9. Nb3 a6 10. a4 Be6 11. O-O Na5 12. Nd4 Bc4 13. Kh1 Rc8 14. Bg1 Bxe2 15.
Qxe2 Qd7 16. e5 dxe5 17. fxe5 Nd5 18. e6 fxe6 19. Rxf8+ Bxf8 20. Nxe6 Nxc3 21.
bxc3 Rc6 22. Re1 Nc4 23. Nc5 Qd5 24. Rd1 Qf7 25. Rd8 Rd6 26. Nxb7 Rxd8 27. Nxd8
Qd5 28. Ne6 Na3 29. Qxa6 1-0

[Event "PLZEN 2022 – CALLIDITAS OPEN"]
[Site "Plzen (Ceska republika)"]
[Date "2022.08.21"]
[Round "2.8"]
[White "Karapetsas, Athanasios"]
[Black "Vlk, Miloslav"]
[Result "0-1"]
[WhiteElo "1478"]
[BlackElo "1971"]
[PlyCount "36"]
[EventDate "2022.08.20"]

1. d4 d5 2. c4 c6 3. Nf3 Nf6 4. Nc3 dxc4 5. a4 Bf5 6. Bf4 Qb6 7. Qd2 Nd5 8.
Nxd5 cxd5 9. Bxb8 e6 10. Qf4 Qxb2 11. Rd1 Bb4+ 12. Nd2 c3 13. e4 cxd2+ 14. Ke2
Qxd4 15. exf5 Qc4+ 16. Kf3 Qc3+ 17. Kg4 h5+ 18. Kh4 Be7+ 0-1